| 000 | 00682nam a22001817a 4500 | ||
|---|---|---|---|
| 003 | OSt | ||
| 005 | 20140310181718.0 | ||
| 008 | 130226t xxu||||| |||| 00| 0 eng d | ||
| 050 |
_aBX 8379 _b.B922 2001 |
||
| 082 |
_aFIL 282.092 _bB85 2001 |
||
| 245 |
_aThe legacy of Sin, a man of peace : _cMaria Rosa Nieva Carrion-Buck, MNSA and Maria Lourdes Javier-Brillantes, MA _ba tribute to His Eminence Jaime Cardinal Sin on the occasion of his silver anniversary as Cardinal / |
||
| 260 |
_aMerville Park, ParaƱaque City : _cc2001. _bSeagull Philippines Inc., |
||
| 300 |
_a244 p. _c30 cm. _bcol. : ill. ; |
||
| 521 | _a | ||
| 541 | _j1 | ||
| 562 | _e1 | ||
| 942 |
_2lcc _cBK-FIL _kFIL |
||
| 999 |
_c1884 _d1884 |
||